000 00812nam a2200313 a 4500
003 AR-BaBNM
005 20251128204233.0
008 082120s2002 ||||||||||||||000 | spa||
020 _a84-206-8106-7
040 _cAR-BaBNM
100 1 _aHierro S. Pescador, José
245 0 0 _aPrincipios de filosofía del lenguaje
260 _aMadrid
_bAlianza Editorial
_c1986
300 _aiii, 504 p.
490 0 _aAlianza Universidad Textos
_vv. 106
650 4 _aFILOSOFIA
650 4 _aCONOCIMIENTO
650 4 _aLINGÜISTICA
650 4 _aPSICOLINGÜISTICA
650 4 _aSEMANTICA
650 4 _aEPISTEMOLOGIA
650 4 _aSIGNOS
650 4 _aGRAMATICA
650 4 _aTEORIA LINGÜISTICA
650 4 _aANALISIS LINGÜISTICO
653 _aFILOSOFIA DEL LENGUAJE
942 _cBK
998 _cCarmen
999 _c6660
_d6660